Mulberry,Ennodu Ninte Zorbayekkurichu Parayu (Record no. 137834)

MARC details
000 -LEADER
fixed length control field 00558nam a22002057a 4500
003 - CONTROL NUMBER IDENTIFIER
control field OSt
005 - DATE AND TIME OF LATEST TRANSACTION
control field 20260324151704.0
008 - FIXED-LENGTH DATA ELEMENTS--GENERAL INFORMATION
fixed length control field 260324b |||||||| |||| 00| 0 eng d
020 ## - INTERNATIONAL STANDARD BOOK NUMBER
International Standard Book Number 978-93-7098-448-6
040 ## - CATALOGING SOURCE
Transcribing agency SBCL
082 ## - DEWEY DECIMAL CLASSIFICATION NUMBER
Classification number 894.8123
Item number BEN-M
100 ## - MAIN ENTRY--PERSONAL NAME
Personal name Benyamin
245 ## - TITLE STATEMENT
Title Mulberry,Ennodu Ninte Zorbayekkurichu Parayu
260 ## - PUBLICATION, DISTRIBUTION, ETC.
Place of publication, distribution, etc. Kottayam
Name of publisher, distributor, etc. DC Books
Date of publication, distribution, etc. 2026
300 ## - PHYSICAL DESCRIPTION
Extent 432p.
630 ## - SUBJECT ADDED ENTRY--UNIFORM TITLE
General subdivision Literature & rhetoric
650 ## - SUBJECT ADDED ENTRY--TOPICAL TERM
Topical term or geographic name entry element Literatures of other languages
650 ## - SUBJECT ADDED ENTRY--TOPICAL TERM
Topical term or geographic name entry element Altaic, Uralic, Hyperborean & Dravidian
942 ## - ADDED ENTRY ELEMENTS (KOHA)
Koha item type BOOK
Holdings
Withdrawn status Lost status Source of classification or shelving scheme Damaged status Not for loan Home library Current library Date acquired Total Checkouts Full call number Barcode Shelving location Date last seen Date last checked out Cost, replacement price Price effective from Koha item type
    Dewey Decimal Classification     SB LIBRARY SB LIBRARY 24/03/2026 2 894.8123 BEN-M 143245 GENERAL STACK 02/05/2026 27/04/2026 499.00 24/03/2026 BOOK

Powered by Koha